000
00305nam a22001217a 4500
999
_c
11989
_d
11989
020
_a
9789699806308
082
_a
954.91
100
_a
زاہد چودھری
245
_a
پاکستان کیسے بنا؟
260
_a
لاہور
_b
ادارہ مطالعہ تاریخ
_c
2012
300
_a
616
942
_c
BK